| Tag |
First Indicator |
Second Indicator |
Subfields |
| LEADER |
00000cam a2200000 4500 |
| 001 |
in00000025339 |
| 005 |
20151007061153.0 |
| 008 |
720626s1899 moufc 00010 eng u |
| 010 |
|
|
|a 02003279
|
| 035 |
|
|
|a (OCoLC)00341534
|
| 035 |
|
|
|9 AAD1317AM
|
| 040 |
|
|
|c WSU
|d TXA
|d UtOrBLW
|
| 049 |
|
|
|a TXAM
|v 1 [167607]
|v 2 [167608]
|v 3 [167609]
|v 4 [167610]
|v 5 [167611]
|v 6 [167612]
|v 7 [167613]
|v 8 [167614]
|v 9 [167615]
|v 10 [167616]
|
| 050 |
|
0 |
|a PN6121
|b .B85
|
| 092 |
|
|
|a 808.85
|b B847w
|
| 100 |
1 |
|
|a Brewer, David J.
|q (David Josiah),
|d 1837-1910.
|
| 245 |
1 |
4 |
|a The world's best orations ;
|b from the earliest period to the present time /
|c David J. Brewer, editor; Edward A. Allen, William Schuyler, associate editors.
|
| 264 |
|
1 |
|a St. Louis :
|b F.P. Kaiser,
|c [1899]
|
| 300 |
|
|
|a 10 volumes :
|b frontispiece, plates, portraits
|
| 336 |
|
|
|a text
|b txt
|2 rdacontent
|
| 337 |
|
|
|a unmediated
|b n
|2 rdamedia
|
| 338 |
|
|
|a volume
|b nc
|2 rdacarrier
|
| 490 |
0 |
|
|a Home and school library edition
|
| 505 |
0 |
|
|a Paged continuosly.
|
| 505 |
0 |
|
|a Each plate accompanied by guard sheet with descriptive letterpress.
|
| 650 |
|
0 |
|a Speeches, addresses, etc.
|
| 700 |
1 |
|
|a Allen, Edward Archibald,
|d 1843-
|
| 700 |
1 |
|
|a Schuyler, William,
|d 1885-
|
| 999 |
|
|
|a MARS
|
| 999 |
f |
f |
|s 9f18d31c-fea0-36dc-955b-c67b44b8f782
|i 76a05048-3d84-3ada-9062-5787a8d65c52
|t 0
|
| 952 |
f |
f |
|p ric
|a Texas A&M University
|b Rellis Campus
|c Joint Library Facility
|d Remote Storage
|t 0
|e PN6121 .B85
|h Library of Congress classification
|i unmediated -- volume
|k v.9
|m A14801203975
|
| 952 |
f |
f |
|p ric
|a Texas A&M University
|b Rellis Campus
|c Joint Library Facility
|d Remote Storage
|t 0
|e PN6121 .B85
|h Library of Congress classification
|i unmediated -- volume
|k v.5
|m A14801203933
|
| 952 |
f |
f |
|p ric
|a Texas A&M University
|b Rellis Campus
|c Joint Library Facility
|d Remote Storage
|t 0
|e PN6121 .B85
|h Library of Congress classification
|i unmediated -- volume
|k v.10
|m A14801203983
|
| 952 |
f |
f |
|p ric
|a Texas A&M University
|b Rellis Campus
|c Joint Library Facility
|d Remote Storage
|t 0
|e PN6121 .B85
|h Library of Congress classification
|i unmediated -- volume
|k v.6
|m A14801203941
|
| 952 |
f |
f |
|p ric
|a Texas A&M University
|b Rellis Campus
|c Joint Library Facility
|d Remote Storage
|t 0
|e PN6121 .B85
|h Library of Congress classification
|i unmediated -- volume
|k v.7
|m A14801203959
|
| 952 |
f |
f |
|p ric
|a Texas A&M University
|b Rellis Campus
|c Joint Library Facility
|d Remote Storage
|t 0
|e PN6121 .B85
|h Library of Congress classification
|i unmediated -- volume
|k v.8
|m A14801203967
|
| 952 |
f |
f |
|p ric
|a Texas A&M University
|b Rellis Campus
|c Joint Library Facility
|d Remote Storage
|t 0
|e PN6121 .B85
|h Library of Congress classification
|i unmediated -- volume
|k v.3
|m A14801203917
|
| 952 |
f |
f |
|p ric
|a Texas A&M University
|b Rellis Campus
|c Joint Library Facility
|d Remote Storage
|t 0
|e PN6121 .B85
|h Library of Congress classification
|i unmediated -- volume
|k v.1
|m A14801203894
|
| 952 |
f |
f |
|p ric
|a Texas A&M University
|b Rellis Campus
|c Joint Library Facility
|d Remote Storage
|t 0
|e PN6121 .B85
|h Library of Congress classification
|i unmediated -- volume
|k v.2
|m A14801203909
|
| 952 |
f |
f |
|p ric
|a Texas A&M University
|b Rellis Campus
|c Joint Library Facility
|d Remote Storage
|t 0
|e PN6121 .B85
|h Library of Congress classification
|i unmediated -- volume
|k v.4
|m A14801203925
|
| 998 |
f |
f |
|a PN6121 .B85
|s v10
|t 0
|l Remote Storage
|